| 000 | 01356nam a2200361 i 4500 | ||
|---|---|---|---|
| 001 | 768714001 | ||
| 003 | CO-MdFUSB | ||
| 005 | 20260416083557.0 | ||
| 007 | ta | ||
| 008 | 250923t2015 ck |||g |||| 00| 0 spa d | ||
| 020 | _a978-958-8825-35-9 | ||
| 040 |
_aCO-MdFUSB _bspa _cCO-MdFUSB _dCO-MdFUSBC _erda |
||
| 041 | _aspa | ||
| 082 |
_223 _a305.569 _bC321 |
||
| 100 |
_aCarrasquilla, Federico _eautor |
||
| 245 |
_aEscuchemos a los pobres : _baportes para una antropología del pobre _c/ Federico Carrasquilla M. |
||
| 264 | 1 |
_aBogotá, Colombia : _bDelfin, _c[2015] |
|
| 264 | 4 | _c©2015 | |
| 300 |
_a 150 páginas _c; 21 cm |
||
| 336 |
_2rdacontent _atexto _btxt |
||
| 337 |
_2rdamedia _asin mediación _bn |
||
| 338 |
_2rdacarrier _avolumen _bnc |
||
| 490 | _aPropuestas alternativas | ||
| 504 | _aNotas bibliográficas páginas 179-181 | ||
| 505 | _aSentido de la antropología. -- ¿Qué es ser pobre? -- Concepto sociológico de pobre. -- Concepto antropológico de pobre. -- El mundo del pobre. -- La destrucción del pobre. -- El compromiso del pobre. -- Concepto evangélico de pobre. | ||
| 563 | _arústico | ||
| 650 | 0 |
_aAntropología _94 |
|
| 653 | _aPobreza — Aspectos sociales | ||
| 653 | _aPobreza — Aspectos religiosos — Cristianismo | ||
| 653 | _aAntropología social | ||
| 942 | _cBK | ||
| 945 | _aEstudiante Juan Eusse | ||
| 999 |
_c71452 _d71452 |
||